000 00298nam a22001337a 4500
008 170529b xxu||||| |||| 00| 0 eng d
020 _a0534979920
041 _aeng
080 _a621.3
100 _a27
101 _aIM
245 _aPRACTICAL EXPERIMENT DESIGNS
_cDIAMOND, W.J
942 _2udc
_cBK
999 _c14803
_d14803